| 000 | 01345nam a2200253Ia 4500 | ||
|---|---|---|---|
| 003 | OSt | ||
| 005 | 20210420115408.0 | ||
| 008 | 210310s1979 c ad gr 000 0 spa d | ||
| 040 |
_aCO-JMCR _cCO-JMCR |
||
| 041 | 0 | _aspa | |
| 082 | 0 | 4 |
_a380.109861 / _bC355s _223 |
| 100 | 1 |
_aCastro, Yesid, _eautor _925809 |
|
| 245 | 1 | 3 |
_aEl sector comercio en Colombia : _bestructura actual y perspectivas / _cYesid Castro, Juan J. Echavarría, Miguel Urrutia. |
| 250 | _aPrimera edición | ||
| 260 |
_aColombia : _bFedesarrollo, _c1979. |
||
| 300 |
_a172 páginas ; _c21 cm. |
||
| 504 | _aBibliografía: páginas 171-172. | ||
| 505 | 0 | _aParticipación del sector comercial en la economía colombiana y proyección para el período 1980-1995. -- Estructura del sector comercial en Colombia. -- Eficiencia, productividad e ingresos en el sector comercial. -- Eficiencia del sector comercial. Comparaciones internacionales. -- Descripción de cuatro áreas especificas de comercio: textiles, automotores, editoriales y alimentos. -- Los intermediarios comerciales en las exportaciones colombianas. -- Precios y servicios en distintas estructuras minoristas. -- | |
| 650 | 1 | 4 |
_aComercio. _95339 |
| 650 | 2 | 4 |
_aComercio y economía _937004 |
| 700 | 1 |
_aEchavarría, Juan J., _eautor _937005 |
|
| 700 | 1 |
_aUrrutia, Miguel, _eautor _97592 |
|
| 942 |
_2ddc _cBK |
||
| 999 |
_c11546 _d11546 |
||